[Event "26th WSCC 2016 Open 50+"]
[Site "Marianske Lazne, Czech Republic - Hotel Cristal and Continental"]
[Date "2016.11.24"]
[Round "6.67"]
[White "Svoboda, Frantisek"]
[Black "Serafim Junior, Arnor"]
[Result "0-1"]
[WhiteElo "1701"]
[BlackElo "1846"]
[PlyCount "56"]
[EventDate "2016.11.19"]

1. d4 c5 2. e3 Nf6 3. Nf3 g6 4. b3 cxd4 5. exd4 Bg7 6. Bb2 O-O 7. Bd3 Qa5+ 8.
Qd2 Qc7 9. c4 d6 10. Nc3 Nc6 11. a3 Bg4 12. O-O-O Bxf3 13. gxf3 Nxd4 14. Bc2
Nxf3 15. Qe2 Ne5 16. Kb1 Nc6 17. Nb5 Qb6 18. Rhe1 Rac8 19. f4 Nh5 20. f5 Bxb2
21. fxg6 hxg6 22. Kxb2 Ne5 23. Rg1 Ng7 24. h4 a6 25. h5 axb5 26. hxg6 fxg6 27.
Rxg6 Nxg6 28. Bxg6 Rf2 0-1

[Event "26th WSCC 2016 Open 50+"]
[Site "Marianske Lazne, Czech Republic - Hotel Cristal and Continental"]
[Date "2016.11.24"]
[Round "6.68"]
[White "Habada, Jindrich"]
[Black "Simon, Petr"]
[Result "1/2-1/2"]
[WhiteElo "1799"]
[BlackElo "1681"]
[PlyCount "44"]
[EventDate "2016.11.19"]

1. e4 e6 2. d4 d5 3. Nd2 c5 4. exd5 Qxd5 5. Ndf3 Nc6 6. Be3 cxd4 7. Nxd4 Nxd4
8. Bxd4 Ne7 9. Nf3 Nc6 10. Bc3 Qxd1+ 11. Rxd1 f6 12. Bb5 Bd7 13. Nd4 Bc5 14.
O-O Nxd4 15. Bxd7+ Kxd7 16. Bxd4 Bxd4 17. Rxd4+ Ke7 18. Rfd1 Rad8 19. Rxd8 Rxd8
20. Rxd8 Kxd8 21. Kf1 Kc7 22. Ke2 Kd6 1/2-1/2

[Event "26th WSCC 2016 Open 50+"]
[Site "Marianske Lazne, Czech Republic - Hotel Cristal and Continental"]
[Date "2016.11.24"]
[Round "6.69"]
[White "Hajsman, Ladislav"]
[Black "Privoznik, Lubos"]
[Result "1/2-1/2"]
[WhiteElo "1784"]
[BlackElo "1652"]
[PlyCount "67"]
[EventDate "2016.11.19"]

1. d4 Nf6 2. c4 g6 3. Nc3 d5 4. e3 Bg7 5. Nf3 O-O 6. Qc2 c6 7. b3 Bg4 8. Nd2
Qa5 9. Bd3 c5 10. dxc5 Ne4 11. Nxd5 Nc6 12. Rb1 Nc3 13. b4 Qxa2 14. Nxc3 Qxc2
15. Bxc2 Bxc3 16. b5 Ne5 17. O-O Be2 18. Re1 Bxc4 19. f4 Nd3 20. Bxd3 Bxd3 21.
Rb3 Bxd2 22. Bxd2 Be4 23. Rb4 f5 24. Bc3 Rfd8 25. Bd4 Rd7 26. Ra1 a6 27. Rba4
Bd3 28. bxa6 Rxa6 29. Rxa6 Bxa6 30. Rb1 Bd3 31. Rb6 Be4 32. g3 Kf7 33. Kf2 Bc6
34. Rb1 1/2-1/2

[Event "26th WSCC 2016 Open 50+"]
[Site "Marianske Lazne, Czech Republic - Hotel Cristal and Continental"]
[Date "2016.11.24"]
[Round "6.70"]
[White "Laloucek, Miroslav"]
[Black "Rehurek, Jiri"]
[Result "1/2-1/2"]
[WhiteElo "1771"]
[BlackElo "1633"]
[PlyCount "41"]
[EventDate "2016.11.19"]

1. d4 Nf6 2. Nf3 d5 3. Bf4 e6 4. e3 c5 5. a3 cxd4 6. exd4 Be7 7. Bd3 Qb6 8. b4
Bd7 9. O-O Bb5 10. Re1 Bxd3 11. Qxd3 Nbd7 12. Nbd2 Rc8 13. Rac1 O-O 14. c4 dxc4
15. Rxc4 Rxc4 16. Qxc4 Nd5 17. Be5 Bd6 18. Ne4 Bxe5 19. dxe5 Qc7 20. Rc1 Rc8
21. Qxc7 1/2-1/2

[Event "26th WSCC 2016 Open 50+"]
[Site "Marianske Lazne, Czech Republic - Hotel Cristal and Continental"]
[Date "2016.11.24"]
[Round "6.71"]
[White "Cesar, Geovanny"]
[Black "Petersons, Ojars"]
[Result "0-1"]
[WhiteElo "1942"]
[BlackElo "1704"]
[PlyCount "132"]
[EventDate "2016.11.19"]

1. d4 f5 2. c4 Nf6 3. Nc3 e6 4. a3 c6 5. Nf3 d5 6. c5 Be7 7. h3 b6 8. b4 a5 9.
Bf4 Ba6 10. g3 Ne4 11. Nxe4 fxe4 12. Ne5 Bf6 13. g4 Bxe5 14. Bxe5 O-O 15. Bg2
Nd7 16. Bg3 bxc5 17. bxc5 Qf6 18. h4 Rae8 19. g5 Qd8 20. Bh3 e5 21. Bxd7 Qxd7
22. dxe5 e3 23. f3 d4 24. Qb3+ Kh8 25. Rd1 d3 26. Rxd3 Bxd3 27. Qxd3 Qxd3 28.
exd3 Rxf3 29. Rg1 g6 30. Ke2 Rf7 31. Kxe3 Rb7 32. Ke4 a4 33. Rf1 Rb5 34. Bf2
Rb3 35. Ra1 Rd8 36. d4 Kg7 37. e6 Rd5 38. Rf1 Rf5 39. h5 Kf8 40. hxg6 hxg6 41.
d5 cxd5+ 42. Kd4 Rbf3 43. c6 R3f4+ 44. Kc5 Ke7 45. c7 Rc4+ 46. Kb6 Kxe6 47. Bc5
Kd7 48. Rxf5 gxf5 49. g6 Kc8 50. g7 Rg4 51. Bd4 f4 52. Kc6 f3 53. Kxd5 Rxg7 54.
Be3 Kxc7 55. Ke4 Rf7 56. Bf2 Kc6 57. Ke3 Kd5 58. Be1 Kc4 59. Kf2 Kd3 60. Bb4
Ke4 61. Bc5 Rg7 62. Bb4 Rg2+ 63. Kf1 Ra2 64. Bc5 Kd3 65. Bb4 Kc4 66. Bd6 Kb3
0-1

[Event "26th WSCC 2016 Open 50+"]
[Site "Marianske Lazne, Czech Republic - Hotel Cristal and Continental"]
[Date "2016.11.24"]
[Round "6.72"]
[White "Lavrincik, Pavel"]
[Black "Bauer, Matthias"]
[Result "1-0"]
[WhiteElo "1837"]
[BlackElo "1688"]
[PlyCount "45"]
[EventDate "2016.11.19"]

1. c4 f5 2. Nc3 Nf6 3. d3 d6 4. e4 e5 5. Nf3 Nc6 6. Be2 Be6 7. Ng5 Bd7 8. f4
fxe4 9. dxe4 exf4 10. Bxf4 g6 11. Qd2 h6 12. Nf3 Qe7 13. Bd3 O-O-O 14. O-O-O g5
15. Be3 Bg7 16. Nd5 Qe8 17. Rhe1 Ng4 18. Bxa7 Nge5 19. Bf2 Nxf3 20. gxf3 Rf8
21. Be2 Ne5 22. Qa5 Kb8 23. Qa7+ 1-0

[Event "26th WSCC 2016 Open 50+"]
[Site "Marianske Lazne, Czech Republic - Hotel Cristal and Continental"]
[Date "2016.11.24"]
[Round "6.73"]
[White "Koci, Vladimir"]
[Black "Vlcek, Antonin"]
[Result "0-1"]
[WhiteElo "1636"]
[BlackElo "1798"]
[PlyCount "64"]
[EventDate "2016.11.19"]

1. e4 e5 2. Nf3 Nc6 3. Bb5 a6 4. Bxc6 dxc6 5. O-O f6 6. d4 Bg4 7. c3 Qd7 8. Be3
O-O-O 9. h3 Bh5 10. Nbd2 exd4 11. cxd4 Bb4 12. Qc2 g5 13. a3 Bd6 14. e5 fxe5
15. Nxe5 Bxe5 16. dxe5 Ne7 17. Ne4 Nd5 18. Ng3 Bg6 19. Qd2 h6 20. Rad1 Qe6 21.
Qc1 Rhf8 22. Bc5 Rf7 23. Qc4 Rf4 24. Qe2 Rh4 25. Rd4 Rxd4 26. Bxd4 Nf4 27. Qe3
Qd5 28. f3 Qxd4 29. Re1 Qxe3+ 30. Rxe3 Rd2 31. e6 Rxg2+ 32. Kh1 Rxg3 0-1

[Event "26th WSCC 2016 Open 50+"]
[Site "Marianske Lazne, Czech Republic - Hotel Cristal and Continental"]
[Date "2016.11.24"]
[Round "6.75"]
[White "Muniraju, Narayanappa"]
[Black "Sand, Rosemarie"]
[Result "1/2-1/2"]
[WhiteElo "1264"]
[BlackElo "1763"]
[PlyCount "47"]
[EventDate "2016.11.19"]

1. d4 Nf6 2. Nf3 g6 3. c4 Bg7 4. Nc3 d5 5. Bf4 c6 6. e3 O-O 7. Be2 Bf5 8. Qb3
dxc4 9. Qxb7 Nbd7 10. Bxc4 Nb6 11. Bb3 Nbd5 12. Nxd5 Nxd5 13. Bg3 Qa5+ 14. Nd2
Rac8 15. Rc1 Nf6 16. Rc5 Qb6 17. Qxe7 Nd5 18. Qh4 Bf6 19. Qh6 Bg7 20. Qh4 Bf6
21. Qh6 Bg7 22. Qh4 Bf6 23. Qh6 Bg7 24. Qh4 1/2-1/2

[Event "26th WSCC 2016 Open 50+"]
[Site "Marianske Lazne, Czech Republic - Hotel Cristal and Continental"]
[Date "2016.11.24"]
[Round "6.76"]
[White "Jesensky, Jaromir"]
[Black "Dolezal, Rudolf"]
[Result "1-0"]
[WhiteElo "1500"]
[BlackElo "1744"]
[PlyCount "49"]
[EventDate "2016.11.19"]

1. e4 c5 2. Nf3 d6 3. d4 cxd4 4. Nxd4 Nc6 5. Nc3 a6 6. Bc4 e6 7. Be3 Nf6 8. f3
Be7 9. Qd2 Bd7 10. O-O-O Qc7 11. Nxc6 Qxc6 12. Bb3 O-O 13. Qd4 b5 14. e5 dxe5
15. Qxe5 a5 16. a4 b4 17. Nb5 Rfb8 18. Nc7 Ne8 19. Nxa8 Rxa8 20. Qe4 Qc8 21.
Rxd7 Bf6 22. Bd4 e5 23. Qd5 Bg5+ 24. Kb1 Nf6 25. Qxf7+ 1-0

[Event "26th WSCC 2016 Open 50+"]
[Site "Marianske Lazne, Czech Republic - Hotel Cristal and Continental"]
[Date "2016.11.24"]
[Round "6.77"]
[White "Horackova, Isabela"]
[Black "Tkadlecek, Petr"]
[Result "0-1"]
[WhiteElo "1165"]
[BlackElo "1733"]
[PlyCount "66"]
[EventDate "2016.11.19"]

1. e4 d5 2. exd5 Qxd5 3. Nc3 Qa5 4. Be2 Nf6 5. Nf3 Bg4 6. O-O Qh5 7. Nd4 Bxe2
8. Ndxe2 e6 9. d3 Bd6 10. g3 Qh3 11. Nf4 Bxf4 12. Bxf4 Ng4 13. Qxg4 Qxg4 14.
Bxc7 Nc6 15. Ne4 h5 16. f3 Qg6 17. Rad1 f5 18. Nf2 Nd4 19. Nh3 Rc8 20. Bf4 Rxc2
21. Bg5 h4 22. g4 Kf7 23. Rde1 Rhc8 24. Bxh4 Rxb2 25. Nf4 Rcc2 26. Bg3 Qh6 27.
Rf2 Nxf3+ 28. Kg2 Nxe1+ 29. Kf1 Rxf2+ 30. Kxe1 Rxf4 31. Bxf4 Qxf4 32. h3 Qf2+
33. Kd1 Qf1# 0-1

[Event "26th WSCC 2016 Open 50+"]
[Site "Marianske Lazne, Czech Republic - Hotel Cristal and Continental"]
[Date "2016.11.24"]
[Round "6.80"]
[White "Koblasa, Josef"]
[Black "Kabyzhanov, Bulat"]
[Result "0-1"]
[WhiteElo "1896"]
[BlackElo "2039"]
[PlyCount "120"]
[EventDate "2016.11.19"]

1. e4 d6 2. d4 g6 3. f4 Bg7 4. Nf3 a6 5. Bd3 e6 6. O-O Ne7 7. c3 Nbc6 8. Be3 b6
9. Qc2 Bb7 10. Nbd2 Qd7 11. Rae1 O-O 12. Re2 Rad8 13. h3 Rfe8 14. Bf2 b5 15. g4
Qc8 16. Nh4 Kh8 17. Be3 Ng8 18. Ndf3 f6 19. f5 exf5 20. exf5 g5 21. Bxg5 fxg5
22. Nxg5 Nf6 23. Ne6 Rg8 24. Nxd8 Qxd8 25. Nf3 Nd5 26. Nd2 Qh4 27. Kh2 Bh6 28.
Rg2 Ne3 29. Qc1 Nxg2 30. Nf3 Bxc1 31. Nxh4 Nxh4 32. Rxc1 Nd8 33. Kg3 Nf3 34.
Be2 Ng5 35. h4 Ne4+ 36. Kf4 d5 37. g5 Nf7 38. Rg1 Nfd6 39. Bg4 Bc8 40. Ke5 c6
41. Kf4 Nxf5 42. Bxf5 Rf8 43. g6 Rxf5+ 44. Ke3 Rh5 45. gxh7 Kxh7 46. Rf1 Kg7
47. Rg1+ Kf7 48. Rf1+ Ke7 49. Rh1 Ng3 50. Rg1 Nf5+ 51. Kd2 Rxh4 52. Rg8 Nd6 53.
Rg7+ Nf7 54. Rg8 Rh2+ 55. Kc1 Bf5 56. Ra8 Rc2+ 57. Kd1 Rxb2 58. Rxa6 Kd6 59. a4
bxa4 60. Rxa4 Bc2+ 0-1

[Event "26th WSCC 2016 Open 50+"]
[Site "Marianske Lazne, Czech Republic - Hotel Cristal and Continental"]
[Date "2016.11.26"]
[Round "7.1"]
[White "Vlassov, Nikolai"]
[Black "Reprintsev, Alexander"]
[Result "1/2-1/2"]
[WhiteElo "2415"]
[BlackElo "2321"]
[PlyCount "81"]
[EventDate "2016.11.19"]

1. e4 e6 2. d4 d5 3. exd5 exd5 4. Nf3 Nf6 5. Bd3 Be7 6. O-O O-O 7. Re1 Bg4 8.
Nbd2 Nbd7 9. Nf1 Re8 10. h3 Bh5 11. Ng3 Bg6 12. Nf5 Bf8 13. Bg5 h6 14. Bh4
Rxe1+ 15. Qxe1 Qe8 16. Ne5 Nxe5 17. Qxe5 Qxe5 18. dxe5 Nd7 19. f4 Nc5 20. g4
Nxd3 21. cxd3 Bc5+ 22. Bf2 Bxf2+ 23. Kxf2 Bxf5 24. gxf5 c5 25. Ke3 Rc8 26. a3
Rc6 27. b4 b6 28. Rb1 Kf8 29. a4 c4 30. Rc1 a6 31. Kd4 cxd3 32. Rd1 Rc4+ 33.
Kxd5 Rxb4 34. Rxd3 Rxf4 35. Kc6 Ke8 36. Kxb6 Rxa4 37. Rc3 Rb4+ 38. Kc5 a5 39.
Ra3 Rh4 40. Rxa5 Rxh3 41. Ra8+ 1/2-1/2

[Event "26th WSCC 2016 Open 50+"]
[Site "Marianske Lazne, Czech Republic - Hotel Cristal and Continental"]
[Date "2016.11.26"]
[Round "7.2"]
[White "Mohr, Georg"]
[Black "Danielsen, Henrik"]
[Result "1-0"]
[WhiteElo "2461"]
[BlackElo "2477"]
[PlyCount "101"]
[EventDate "2016.11.19"]

1. g3 g6 2. Bg2 Bg7 3. e4 c5 4. d3 Nc6 5. Nc3 d6 6. Be3 Nf6 7. h3 O-O 8. f4 Bd7
9. Nf3 b5 10. O-O b4 11. Ne2 Ne8 12. Rb1 Qa5 13. e5 Rc8 14. Nc1 Nc7 15. Nb3 Qb6
16. Qd2 Nb5 17. Qf2 Be6 18. c4 bxc3 19. bxc3 Qa6 20. c4 Na3 21. Rbc1 Nb4 22.
Rfd1 Rfd8 23. g4 f6 24. exd6 exd6 25. Rd2 Re8 26. Kh1 Rc7 27. Rg1 Rce7 28. f5
Bf7 29. Bf4 g5 30. Nxg5 fxg5 31. Bxg5 Rc7 32. f6 Bf8 33. Bf4 Bg6 34. Qg3 Nac2
35. h4 Qxa2 36. Na1 Qa4 37. Nxc2 Nxc2 38. Bd5+ Bf7 39. Bxf7+ Rxf7 40. g5 Qc6+
41. Rdg2 Nd4 42. g6 hxg6 43. Qxg6+ Bg7 44. fxg7 Nf5 45. Qh5 Nxg7 46. Kh2 Ree7
47. Bd2 Qc7 48. Qd5 Kh7 49. Bc3 Qd7 50. Qg5 Qe6 51. h5 1-0

[Event "26th WSCC 2016 Open 50+"]
[Site "Marianske Lazne, Czech Republic - Hotel Cristal and Continental"]
[Date "2016.11.26"]
[Round "7.3"]
[White "Haba, Petr"]
[Black "Arkell, Keith C"]
[Result "0-1"]
[WhiteElo "2472"]
[BlackElo "2450"]
[PlyCount "68"]
[EventDate "2016.11.19"]

1. e4 d5 2. exd5 Qxd5 3. Nf3 Nf6 4. d4 c6 5. Be2 Bg4 6. O-O e6 7. h3 Bxf3 8.
Bxf3 Qd8 9. c4 Be7 10. Nc3 O-O 11. Be3 Nbd7 12. Qc2 Qc7 13. Rfd1 a6 14. Rab1
Rac8 15. b4 b5 16. c5 Nd5 17. Bxd5 exd5 18. Ne2 Rfe8 19. Bf4 Qd8 20. a4 Nf8 21.
axb5 axb5 22. Ra1 Ng6 23. Bg3 Qd7 24. Ra3 h5 25. Kf1 h4 26. Bh2 Bf6 27. Rda1
Ne7 28. Rf3 Ra8 29. Rfa3 Rxa3 30. Rxa3 Nf5 31. Be5 Bxe5 32. dxe5 Qe6 33. Qb2 d4
34. f4 Ne3+ 0-1

[Event "26th WSCC 2016 Open 50+"]
[Site "Marianske Lazne, Czech Republic - Hotel Cristal and Continental"]
[Date "2016.11.26"]
[Round "7.4"]
[White "Tunik, Gennady"]
[Black "Sturua, Zurab"]
[Result "0-1"]
[WhiteElo "2404"]
[BlackElo "2556"]
[PlyCount "100"]
[EventDate "2016.11.19"]

1. d4 d6 2. e4 Nf6 3. Nc3 e5 4. dxe5 dxe5 5. Qxd8+ Kxd8 6. Bc4 Ke8 7. f3 a6 8.
Nd5 Nxd5 9. Bxd5 Nd7 10. Bd2 c6 11. Bc4 b5 12. Bf1 Nc5 13. Ne2 f6 14. Nc1 Be6
15. Nd3 a5 16. Be3 Nb7 17. a4 Bd6 18. Be2 Ke7 19. O-O Rhd8 20. b3 b4 21. Rfd1
Bb8 22. g3 Ba7 23. Bxa7 Rxa7 24. f4 exf4 25. gxf4 Raa8 26. Kf2 Rac8 27. Ke3 c5
28. Nb2 Nd6 29. Nc4 Bxc4 30. bxc4 f5 31. e5 Ne4 32. Rg1 Kf8 33. Rad1 Nc3 34.
Rxd8+ Rxd8 35. Bd3 g6 36. h4 Ra8 37. h5 Ra6 38. hxg6 hxg6 39. Ra1 Ra8 40. Rh1
Kg7 41. Rg1 Kf7 42. Rh1 Nxa4 43. Be2 Kg7 44. Bf3 Ra7 45. Bc6 Nc3 46. e6 Re7 47.
Bd7 a4 48. Kd3 a3 49. Ra1 Kf6 50. Rh1 a2 0-1

[Event "26th WSCC 2016 Open 50+"]
[Site "Marianske Lazne, Czech Republic - Hotel Cristal and Continental"]
[Date "2016.11.26"]
[Round "7.5"]
[White "Chapman, Terry P D"]
[Black "Matamoros Franco, Carlos S"]
[Result "1/2-1/2"]
[WhiteElo "2220"]
[BlackElo "2495"]
[PlyCount "108"]
[EventDate "2016.11.19"]

1. Nf3 Nf6 2. c4 g6 3. d4 Bg7 4. g3 d5 5. cxd5 Nxd5 6. Bg2 Nb6 7. Nc3 Nc6 8. e3
O-O 9. O-O e5 10. d5 Na5 11. e4 c6 12. d6 Bg4 13. Qd3 c5 14. Be3 c4 15. Qd2 Nc6
16. Nb5 Bxf3 17. Bxf3 Nd4 18. Bxd4 exd4 19. Rad1 a6 20. Nc7 Ra7 21. Qb4 Nc8 22.
Qxc4 Nxd6 23. Qc1 b5 24. Nd5 Nc4 25. b3 Nb6 26. Qc6 Nd7 27. Bg2 Re8 28. Rfe1
Re6 29. Qc2 Nf6 30. Qc5 Qb8 31. Nf4 Nd7 32. Qc2 Re8 33. Nd5 Nb6 34. h3 Rc8 35.
Qd2 h6 36. Re2 Nxd5 37. exd5 Rac7 38. Qa5 Rc1 39. Ree1 Rxd1 40. Rxd1 Qd6 41.
Qd2 h5 42. h4 Bf6 43. Qe2 Kg7 44. a4 Qb4 45. axb5 axb5 46. Rd3 Rc3 47. Qd1 Qc5
48. Bf1 Rc1 49. Qf3 Re1 50. Rd1 Re5 51. Bg2 Qc2 52. Bh3 Rxd5 53. Qxd5 Qxd1+ 54.
Bf1 d3 1/2-1/2

[Event "26th WSCC 2016 Open 50+"]
[Site "Marianske Lazne, Czech Republic - Hotel Cristal and Continental"]
[Date "2016.11.26"]
[Round "7.6"]
[White "Ivanov, Alexander"]
[Black "Pastircak, Milan"]
[Result "1-0"]
[WhiteElo "2478"]
[BlackElo "2362"]
[PlyCount "83"]
[EventDate "2016.11.19"]

1. e4 e6 2. d4 d5 3. Nd2 Nf6 4. e5 Nfd7 5. c3 c5 6. f4 Nc6 7. Ndf3 Qb6 8. g3
cxd4 9. cxd4 Be7 10. Bh3 O-O 11. Ne2 f6 12. Nc3 f5 13. g4 fxg4 14. Bxg4 Nd8 15.
O-O Nf7 16. f5 Nb8 17. Bh3 Na6 18. Bf4 Qc6 19. Qb3 Nc7 20. fxe6 Bxe6 21. Bg2 b6
22. Rac1 Qd7 23. Ne2 h6 24. Be3 g5 25. Ng3 Nh8 26. Nh5 Ne8 27. h4 Bf7 28. Nf6+
Nxf6 29. exf6 Bxf6 30. hxg5 hxg5 31. Bxg5 Bxg5 32. Nxg5 Rad8 33. Qg3 Bg6 34.
Rxf8+ Rxf8 35. Bh3 Qa4 36. Be6+ Kg7 37. Qe5+ Kh6 38. Qe3 Kg7 39. Rc7+ Nf7 40.
Bxf7 Bxf7 41. Ne6+ Kf6 42. Qg5+ 1-0

[Event "26th WSCC 2016 Open 50+"]
[Site "Marianske Lazne, Czech Republic - Hotel Cristal and Continental"]
[Date "2016.11.26"]
[Round "7.7"]
[White "Bruno, Fabio"]
[Black "Konopka, Michal"]
[Result "1-0"]
[WhiteElo "2435"]
[BlackElo "2396"]
[PlyCount "45"]
[EventDate "2016.11.19"]

1. d4 Nf6 2. Nf3 g6 3. c4 Bg7 4. Nc3 d5 5. cxd5 Nxd5 6. Bg5 c5 7. Rc1 Nxc3 8.
bxc3 cxd4 9. cxd4 O-O 10. e3 Be6 11. Qa4 Nc6 12. Be2 Qd7 13. Qa3 Bd5 14. O-O
Rfc8 15. Bf4 Bf8 16. Qb2 Nd8 17. Bb5 Qe6 18. Ne5 Rxc1 19. Rxc1 f6 20. Nd3 a6
21. Ba4 Rc8 22. Nc5 Qg4 23. f3 1-0

[Event "26th WSCC 2016 Open 50+"]
[Site "Marianske Lazne, Czech Republic - Hotel Cristal and Continental"]
[Date "2016.11.26"]
[Round "7.8"]
[White "Berezjuk, Sergej"]
[Black "Bartsch, Berthold"]
[Result "1-0"]
[WhiteElo "2431"]
[BlackElo "2279"]
[PlyCount "63"]
[EventDate "2016.11.19"]

1. e4 c5 2. Nf3 Nf6 3. e5 Nd5 4. Nc3 Nxc3 5. dxc3 Nc6 6. Bf4 e6 7. Qd2 Be7 8.
O-O-O O-O 9. h4 f6 10. exf6 gxf6 11. Bh6 Rf7 12. g4 d5 13. Rg1 Bf8 14. Bxf8
Qxf8 15. g5 Bd7 16. Be2 Kh8 17. Rg3 Ne5 18. Rdg1 Nxf3 19. Rxf3 Rg7 20. Rfg3 f5
21. f4 Qd6 22. Bd1 e5 23. fxe5 Qxe5 24. Re3 Qd6 25. Rge1 Rd8 26. Bf3 Bc6 27.
Re5 Rf7 28. Bh5 Rg7 29. Rxf5 d4 30. Qf2 Rgg8 31. Rf6 Rdf8 32. Bf7 1-0

[Event "26th WSCC 2016 Open 50+"]
[Site "Marianske Lazne, Czech Republic - Hotel Cristal and Continental"]
[Date "2016.11.26"]
[Round "7.9"]
[White "Kutynec, Vladimir"]
[Black "Akesson, Ralf"]
[Result "0-1"]
[WhiteElo "2295"]
[BlackElo "2416"]
[PlyCount "70"]
[EventDate "2016.11.19"]

1. Nf3 Nf6 2. c4 e6 3. g3 a6 4. a4 c5 5. Bg2 Nc6 6. O-O d5 7. cxd5 Nxd5 8. d4
Be7 9. Nc3 O-O 10. e4 Ndb4 11. d5 exd5 12. Nxd5 Nxd5 13. exd5 Nb4 14. Ne5 Bf5
15. Qf3 Bc2 16. Be3 Bb3 17. Bh6 Bxd5 18. Qg4 Bf6 19. Nd7 Be6 20. Nxf6+ Qxf6 21.
Bxg7 Qxg7 22. Qh5 c4 23. Rae1 Nd3 24. Re4 Rad8 25. Rh4 Qg6 26. Qe2 Rfe8 27. Qd2
Qg7 28. Rh5 Ne5 29. Qc3 Bg4 30. Rh4 Rd3 31. Qb4 Nf3+ 32. Bxf3 Bxf3 33. Rxc4
Red8 34. Rcc1 Qg4 35. Qe7 Qh3 0-1

[Event "26th WSCC 2016 Open 50+"]
[Site "Marianske Lazne, Czech Republic - Hotel Cristal and Continental"]
[Date "2016.11.26"]
[Round "7.10"]
[White "Bagaturov, Giorgi"]
[Black "Malinin, Vasily B"]
[Result "1-0"]
[WhiteElo "2410"]
[BlackElo "2220"]
[PlyCount "57"]
[EventDate "2016.11.19"]

1. c4 e5 2. Nc3 Nf6 3. Nf3 Nc6 4. a3 h6 5. d3 d5 6. cxd5 Nxd5 7. g3 Be6 8. Bg2
Qd7 9. Bd2 O-O-O 10. b4 f6 11. Rc1 Nxc3 12. Bxc3 g5 13. O-O Bh3 14. Bxh3 Qxh3
15. b5 Nd4 16. Bxd4 exd4 17. Qa4 h5 18. Qxa7 Bd6 19. b6 Kd7 20. Qxb7 Rc8 21.
Qc6+ Ke7 22. Qe4+ Kf7 23. Qd5+ Ke7 24. Nxd4 Kf8 25. bxc7 Bxa3 26. Rc6 Kg7 27.
Ne6+ Kg6 28. Nxg5 Qg4 29. Qf7+ 1-0

[Event "26th WSCC 2016 Open 50+"]
[Site "Marianske Lazne, Czech Republic - Hotel Cristal and Continental"]
[Date "2016.11.26"]
[Round "7.11"]
[White "Kalegin, Evgenij"]
[Black "Chudinovskikh, Alexander M"]
[Result "1/2-1/2"]
[WhiteElo "2420"]
[BlackElo "2219"]
[PlyCount "119"]
[EventDate "2016.11.19"]

1. e4 e5 2. Nf3 Nc6 3. Bb5 Nf6 4. d3 d6 5. O-O g6 6. d4 Bd7 7. Bxc6 Bxc6 8.
dxe5 Nxe4 9. Qe2 d5 10. Nbd2 Bg7 11. Nd4 Nxd2 12. Bxd2 O-O 13. Nxc6 bxc6 14.
Bb4 Re8 15. f4 Qb8 16. c3 Qb6+ 17. Qf2 Qxf2+ 18. Kxf2 f6 19. exf6 Bxf6 20. Rae1
Kf7 21. Rxe8 Rxe8 22. Rd1 Re4 23. Kf3 a5 24. Bc5 Ke6 25. Rd3 h5 26. g3 g5 27.
fxg5 Bxg5 28. Rd4 Re1 29. Ra4 Rb1 30. b3 Rc1 31. Bd4 c5 32. Bg7 Rf1+ 33. Ke2
Rf7 34. h4 Bc1 35. Kd1 Be3 36. Ke2 Rxg7 37. Kxe3 Rxg3+ 38. Kd2 Rg4 39. Rxa5 Kd6
40. Ra6+ c6 41. Ra7 Rxh4 42. Rh7 Rh2+ 43. Kd3 Rh3+ 44. Kd2 d4 45. Rh6+ Kc7 46.
cxd4 cxd4 47. b4 h4 48. Rh7+ Kb6 49. Rd7 Rh2+ 50. Kc1 Rxa2 51. Kb1 Rg2 52. Rh7
Rg4 53. Kc2 Kb5 54. Rh6 h3 55. Kd3 Kxb4 56. Rxc6 Rh4 57. Rc1 h2 58. Rb1+ Kc5
59. Rh1 Kd5 60. Rxh2 1/2-1/2

[Event "26th WSCC 2016 Open 50+"]
[Site "Marianske Lazne, Czech Republic - Hotel Cristal and Continental"]
[Date "2016.11.26"]
[Round "7.12"]
[White "Vokac, Marek"]
[Black "Gueci, Riccardo"]
[Result "1-0"]
[WhiteElo "2391"]
[BlackElo "2121"]
[PlyCount "67"]
[EventDate "2016.11.19"]

1. d4 b6 2. e4 Bb7 3. Bd3 g6 4. Nf3 Bg7 5. Qe2 d6 6. O-O e6 7. Nc3 Ne7 8. Bg5
h6 9. Be3 Nd7 10. Rad1 a6 11. a4 Nf6 12. Rfe1 Qc8 13. h3 Nd7 14. Bc4 Nf8 15.
Bb3 g5 16. h4 g4 17. Nh2 h5 18. f3 g3 19. Nf1 Nfg6 20. Nxg3 Nxh4 21. f4 Bf6 22.
Nxh5 Ng8 23. g3 Ng6 24. Kg2 Qd7 25. Rh1 O-O-O 26. Bc4 a5 27. Bb5 c6 28. Ba6 Kb8
29. Bxb7 Qxb7 30. Qf3 Be7 31. f5 Rf8 32. Rdf1 Qc8 33. Qd1 exf5 34. exf5 1-0

[Event "26th WSCC 2016 Open 50+"]
[Site "Marianske Lazne, Czech Republic - Hotel Cristal and Continental"]
[Date "2016.11.26"]
[Round "7.13"]
[White "Ginsburg, Mark"]
[Black "Barron, Michael"]
[Result "1-0"]
[WhiteElo "2340"]
[BlackElo "2189"]
[PlyCount "131"]
[EventDate "2016.11.19"]

1. d4 f5 2. g3 Nf6 3. Bg2 g6 4. Nf3 Bg7 5. O-O O-O 6. c3 h6 7. Nbd2 d5 8. c4 e6
9. b3 Nbd7 10. Ba3 Rf7 11. Qc2 Ne4 12. Rad1 g5 13. Ne5 Nxe5 14. dxe5 Bxe5 15.
Nxe4 fxe4 16. Qxe4 Bd6 17. cxd5 e5 18. Bxd6 cxd6 19. Qg6+ Rg7 20. Qh5 Bf5 21.
e4 Bg6 22. Qxh6 Qf6 23. Qh3 Re8 24. Rc1 Rh7 25. Qg4 Bh5 26. Qf5 Qxf5 27. exf5
Bg4 28. Be4 Rf7 29. f3 Bxf5 30. Kg2 Ref8 31. h3 Rf6 32. b4 a6 33. a4 Bd7 34. a5
R8f7 35. g4 Bb5 36. Rh1 Be2 37. Rc3 Rh6 38. Kg3 Rh4 39. Rc8+ Kg7 40. Rd8 Rh6
41. Rc1 Bb5 42. Bf5 Be2 43. Kf2 Bb5 44. Be6 Re7 45. Rg8+ Kf6 46. Rcc8 Rxe6 47.
dxe6 Kxe6 48. Kg2 Rf6 49. Rxg5 Bc6 50. Rf5 Rxf5 51. gxf5+ Kxf5 52. Kg3 d5 53.
Rf8+ Ke6 54. h4 Ke7 55. Rg8 d4 56. Kf2 e4 57. fxe4 Bxe4 58. Rg4 Bc6 59. Rxd4
Kf6 60. Rd6+ Kf5 61. h5 Kg5 62. h6 Be4 63. Ke3 Bg6 64. Kd4 Kxh6 65. Kc5 Kg5 66.
Rxg6+ 1-0

[Event "26th WSCC 2016 Open 50+"]
[Site "Marianske Lazne, Czech Republic - Hotel Cristal and Continental"]
[Date "2016.11.26"]
[Round "7.14"]
[White "Smolin, Sergey"]
[Black "Buchal, Stephan"]
[Result "1/2-1/2"]
[WhiteElo "2224"]
[BlackElo "2339"]
[PlyCount "57"]
[EventDate "2016.11.19"]

1. e4 g6 2. Nc3 Bg7 3. g3 c5 4. Bg2 Nc6 5. d3 d6 6. Be3 e5 7. Qd2 Nge7 8. f4
O-O 9. Nf3 Nd4 10. O-O Bg4 11. Nh4 Qd7 12. Rf2 exf4 13. Bxf4 b5 14. Bh6 b4 15.
Bxg7 Kxg7 16. Nd1 Bxd1 17. Rxd1 Rab8 18. c3 bxc3 19. bxc3 Ndc6 20. Rdf1 f6 21.
Qe3 Ne5 22. h3 Qb5 23. d4 cxd4 24. cxd4 Qb6 25. Qd2 Nc4 26. Qd3 Nb2 27. Qd2 Nc4
28. Qd3 Nb2 29. Qd2 1/2-1/2

[Event "26th WSCC 2016 Open 50+"]
[Site "Marianske Lazne, Czech Republic - Hotel Cristal and Continental"]
[Date "2016.11.26"]
[Round "7.15"]
[White "Habibi, Ali"]
[Black "Barle, Janez"]
[Result "0-1"]
[WhiteElo "2225"]
[BlackElo "2303"]
[PlyCount "100"]
[EventDate "2016.11.19"]

1. g3 Nc6 2. Bg2 e5 3. c4 f5 4. Nc3 Nf6 5. e3 d5 6. cxd5 Nb4 7. d3 Nfxd5 8.
Nxd5 Nxd5 9. a3 Nf6 10. Ne2 Bd6 11. Qb3 c6 12. O-O Qb6 13. Qc4 Ke7 14. e4 Be6
15. Qc3 fxe4 16. dxe4 Qb5 17. Re1 a5 18. Bg5 Rhf8 19. Nf4 Qc5 20. Rac1 Qxc3 21.
Rxc3 exf4 22. e5 fxg3 23. hxg3 Bxe5 24. Rxe5 Kf7 25. Bf1 Rfe8 26. Rc1 Bd5 27.
Bxf6 Kxf6 28. Rh5 h6 29. Bd3 Re5 30. Rh4 Rae8 31. Rf4+ Ke7 32. Bc4 Bxc4 33.
Rfxc4 Kd6 34. R1c2 Re2 35. Rd4+ Kc7 36. Rdd2 Rxd2 37. Rxd2 Re5 38. Kf1 Re4 39.
Rd3 b5 40. Rf3 Kd6 41. Rd3+ Kc7 42. f3 Re8 43. f4 c5 44. b3 Kc6 45. Kf2 Re7 46.
Rc3 b4 47. axb4 axb4 48. Rc2 Ra7 49. Re2 c4 50. Re4 cxb3 0-1